000 00370nam a22001457a 4500
008 230606b ||||| |||| 00| 0 eng d
020 _a978069708406
041 _aeng
080 _2SECOND EDITION
_a610.73
082 _a610.73FAY
100 _a8
101 _aINF
245 _aMANAGERIAL ACCOUNTING FOR THE HOSPITALITY SERVICE INDUSTRIES
_cFAY.T.C
942 _2udc
_cBK
999 _c59917
_d59917